[Event "London Classic Open 2019"]
[Site "London ENG"]
[Date "2019.11.30"]
[Round "2.27"]
[White "Balaji, Aaravamudhan"]
[Black "Stoyanov, Viktor"]
[Result "1-0"]
[WhiteElo "2080"]
[BlackElo "2272"]
[WhiteFideId "436224"]
[BlackFideId "450308"]
[EventDate "2019.11.29"]

1. d4 Nf6 2. c4 c5 3. d5 g6 4. Nc3 Bg7 5. e4 d6 6. Nf3 O-O 7. h3 Na6 8. Bd3 e6
9. O-O Nc7 10. Be3 Re8 11. Qc2 exd5 12. cxd5 b5 13. e5 c4 14. Nxb5 Nxb5 15. Bxc4
Na3 16. bxa3 Bf5 17. Qb3 Rb8 18. Qa4 Bd7 19. Qxa7 dxe5 20. d6 Ne4 21. Rfd1 Rf8
22. Rac1 Kh8 23. Qc7 f5 24. Qxd8 Rfxd8 25. Ng5 Nxg5 26. Bxg5 Rdc8 27. Bb3 e4 28.
Rc7 h6 29. Be7 Bb5 30. Rxc8+ Rxc8 31. d7 Bxd7 32. Rxd7 Rc1+ 33. Rd1 Rc7 34. Bb4
Be5 35. Bd6 Bxd6 36. Rxd6 Kg7 37. a4 f4 38. Re6 Rc1+ 39. Kh2 Re1 40. a5 Re2 41.
a6 Rxf2 42. a7 f3 43. a8=Q Rxg2+ 44. Kh1 h5 45. Re7+ Kh6 46. Qf8+ Kg5 47. Re5+
Kh4 48. Qf4+ Kxh3 49. Be6+ Rg4 50. Qh2# 1-0

[Event "London Classic Open 2019"]
[Site "London ENG"]
[Date "2019.11.30"]
[Round "2.28"]
[White "Czerw, Dawid"]
[Black "Royal, Shreyas"]
[Result "1-0"]
[WhiteTitle "FM"]
[BlackTitle "CM"]
[WhiteElo "2255"]
[BlackElo "1941"]
[WhiteFideId "1145746"]
[BlackFideId "448869"]
[EventDate "2019.11.29"]

1. d4 d5 2. c4 e6 3. Nf3 Nf6 4. g3 Be7 5. Bg2 O-O 6. O-O dxc4 7. Qc2 a6 8. a4
Bd7 9. Qxc4 Bc6 10. Bg5 Nbd7 11. Nc3 h6 12. Bxf6 Nxf6 13. b4 Bd5 14. Nxd5 exd5
15. Qb3 Bd6 16. e3 Qe7 17. b5 a5 18. Ne1 c6 19. Nd3 Ne4 20. bxc6 bxc6 21. Qc2
Rac8 22. Rab1 c5 23. dxc5 Bxc5 24. Nxc5 Rxc5 25. Qd3 Rfc8 26. Bh3 Rd8 27. Rbc1
Rxc1 28. Rxc1 Qf6 29. Qc2 Ng5 30. Bg2 d4 31. exd4 Qxd4 32. h4 Ne6 33. Bh3 Qd5
34. Bxe6 Qxe6 35. Qc7 Qd5 36. Qc5 Qd2 37. Kg2 Qd5+ 38. Kg1 Qd2 39. Kg2 Qd5+ 40.
Qxd5 Rxd5 41. Rc8+ Kh7 42. Ra8 g5 43. hxg5 hxg5 44. Kf3 Re5 45. Rb8 Kg7 46. Rb6
Rc5 47. Ra6 Re5 48. Kg4 Re4+ 49. Kxg5 Rxa4 50. f4 Ra3 51. g4 Ra4 52. Ra7 Kf8 53.
f5 Ke8 54. Kf6 Rxg4 55. Rxa5 Rf4 56. Ra8+ Kd7 57. Ra7+ Ke8 58. Ra8+ Kd7 59. Rf8
Rf1 60. Rxf7+ Ke8 61. Rh7 Rf2 62. Rh8+ Kd7 63. Rf8 Rg2 64. Kf7 Rg1 65. f6 Kd6
66. Re8 Kd7 67. Re2 Rf1 68. Kg7 Rg1+ 69. Kf8 Kd6 70. f7 Rg4 71. Ke8 1-0

[Event "London Classic Open 2019"]
[Site "London ENG"]
[Date "2019.11.30"]
[Round "2.31"]
[White "Hebden, Mark L"]
[Black "AuYeung, Chi Hung Jonathan"]
[Result "1-0"]
[WhiteTitle "GM"]
[WhiteElo "2436"]
[BlackElo "1770"]
[WhiteFideId "400084"]
[BlackFideId "5818044"]
[EventDate "2019.11.29"]

1. d4 c5 2. d5 Nf6 3. Nc3 d6 4. e4 g6 5. Nf3 Bg7 6. Be2 O-O 7. O-O e6 8. Nd2
exd5 9. exd5 Re8 10. a4 Na6 11. Nc4 Nb4 12. Ne3 b6 13. Bb5 Re7 14. Na2 Nxa2 15.
Rxa2 Bb7 16. Ra3 a6 17. Bd3 Nxd5 18. Nxd5 Bxd5 19. Bxg6 hxg6 20. Qxd5 Re5 21.
Qb7 Re7 22. Qf3 Qe8 23. Rd3 Re6 24. b3 Ra7 25. Be3 Rae7 26. g3 b5 27. axb5 Qxb5
28. c4 Qb8 29. Rfd1 Kh7 30. Qf4 Qe8 31. Rxd6 Re4 32. Rd8 Qc6 33. Qd6 Qb7 34. Rb8
Be5 35. Rxb7 Bxd6 36. Rb6 Be5 37. Bxc5 Rc7 38. Bd6 Rd7 39. Rxa6 Bd4 40. Kf1 Bc5
41. Rd5 Ba7 42. Ba3 Rc7 43. c5 Re8 44. c6 Re6 45. Bd6 1-0

[Event "London Classic Open 2019"]
[Site "London ENG"]
[Date "2019.11.30"]
[Round "2.35"]
[White "Chapman, Matt"]
[Black "Wu, Li"]
[Result "1/2-1/2"]
[WhiteElo "1937"]
[BlackElo "2293"]
[WhiteFideId "435848"]
[BlackFideId "411086"]
[EventDate "2019.11.29"]

1. d4 Nf6 2. Nf3 e6 3. Bf4 b6 4. e3 Bb7 5. Nbd2 c5 6. c3 Be7 7. h3 O-O 8. Bd3
cxd4 9. exd4 d6 10. O-O Ba6 11. Bxa6 Nxa6 12. a4 Nc7 13. c4 a5 14. Qe2 Na6 15.
b3 Qd7 16. Nb1 Rfd8 17. Nc3 Nb4 18. Rfd1 Rac8 19. Rac1 Qb7 20. Re1 h6 21. g4 d5
22. Nb5 Ne8 23. Ne5 Nd6 24. Nxd6 Bxd6 25. Qf3 f6 26. Ng6 Qf7 27. Bxd6 Rxd6 28.
Nf4 dxc4 29. Rxc4 Rcd8 30. Qe4 Nd5 31. Rec1 Nxf4 32. Qxf4 Qb7 33. Rc7 Qd5 34.
Ra7 R8d7 35. Rxd7 Rxd7 36. Qb8+ Kh7 37. Qxb6 Rb7 38. Qc5 Qxb3 39. Qc6 Qd5 40.
Qxd5 exd5 1/2-1/2

[Event "London Classic Open 2019"]
[Site "London ENG"]
[Date "2019.11.30"]
[Round "2.37"]
[White "Papadiamandis, Elliot"]
[Black "Jukes, Sam"]
[Result "1-0"]
[WhiteElo "2220"]
[BlackElo "1899"]
[WhiteFideId "36074160"]
[BlackFideId "1803182"]
[EventDate "2019.11.29"]

1. e4 e5 2. Nf3 Nc6 3. Bc4 Nf6 4. d3 Be7 5. c3 d6 6. Nbd2 O-O 7. Bb3 Na5 8. Bc2
c5 9. O-O Nc6 10. Re1 Re8 11. Nf1 h6 12. Ne3 Bf8 13. h3 g6 14. Bb3 Be6 15. Bxe6
Rxe6 16. Qb3 Re7 17. Nh2 Bg7 18. Nhg4 Nxg4 19. hxg4 Rd7 20. g3 Qf6 21. Kg2 Qe6
22. Rh1 Qxb3 23. axb3 Ne7 24. Nc4 Rdd8 25. Bxh6 b5 26. Bxg7 Kxg7 27. Ne3 d5 28.
g5 dxe4 29. dxe4 Rd2 30. Ng4 Ng8 31. Rhd1 Rxb2 32. Rd7 Rxb3 33. Nxe5 Kf8 34.
Rxf7+ Ke8 35. Rh1 1-0

[Event "London Classic Open 2019"]
[Site "London ENG"]
[Date "2019.11.30"]
[Round "2.39"]
[White "Russell, Christopher"]
[Black "Mugalu, Hassan"]
[Result "1-0"]
[WhiteElo "2190"]
[BlackElo "1836"]
[WhiteFideId "413569"]
[BlackFideId "451533"]
[EventDate "2019.11.29"]

1. e4 c6 2. d4 d5 3. Nc3 dxe4 4. Nxe4 g6 5. c3 Nh6 6. Bf4 Nd7 7. Qe2 Bg7 8. Nd6+
Kf8 9. Nxc8 Rxc8 10. Qd2 Nf5 11. O-O-O b5 12. Nf3 Nb6 13. Ne5 Nd5 14. g4 Nd6 15.
Bh6 a5 16. h4 a4 17. a3 Ne4 18. Bxg7+ Kxg7 19. Qc2 Nd6 20. h5 Rf8 21. f3 Rh8 22.
Qf2 f6 23. h6+ Kf8 24. Nd3 Kf7 25. Nc5 Re8 26. f4 Rb8 27. f5 g5 28. Ne6 Qc8 29.
Qh2 Kg8 30. Re1 Nc4 31. Qh5 Nf4 32. Nxf4 gxf4 33. Re6 Ne3 34. Bd3 Nd5 35. g5 Kh8
36. Qf7 Rg8 37. g6 hxg6 38. fxg6 Rxg6 39. Bxg6 Qg8 40. Rxc6 b4 41. axb4 f3 42.
Rf1 Nf4 43. Qg7+ Qxg7 44. hxg7+ Kxg7 45. Be4 Ne2+ 46. Kc2 1-0

[Event "London Classic Open 2019"]
[Site "London ENG"]
[Date "2019.11.30"]
[Round "2.40"]
[White "Smith, Andrew Philip"]
[Black "Chidichimo, Pedro Jose Maria"]
[Result "1-0"]
[WhiteTitle "FM"]
[WhiteElo "2172"]
[BlackElo "1831"]
[WhiteFideId "2500833"]
[BlackFideId "24545252"]
[EventDate "2019.11.29"]

1. e4 d6 2. d4 Nf6 3. Nc3 Nbd7 4. g4 h6 5. f3 e5 6. Nge2 c6 7. Be3 Be7 8. Qd2
Nh7 9. Ng3 Ndf8 10. O-O-O Bg5 11. Kb1 Bxe3 12. Qxe3 Qg5 13. Qf2 g6 14. h4 Qe7
15. dxe5 dxe5 16. Qd2 Nf6 17. g5 hxg5 18. hxg5 Nh5 19. Nxh5 gxh5 20. f4 Bg4 21.
Be2 Bxe2 22. Nxe2 Ne6 23. f5 Rd8 24. Qa5 Qc7 25. Qxa7 Nxg5 26. Rxd8+ Kxd8 27.
Qa8+ Qc8 28. Rd1+ Ke7 29. Qa3+ c5 30. Nc3 f6 31. Nd5+ Kf7 32. Nb6 Qc6 33. Rd7+
Qxd7 34. Nxd7 h4 35. Qb3+ Ke7 36. Qxb7 h3 37. Nxe5+ Kd6 38. Nc4# 1-0

[Event "London Classic Open 2019"]
[Site "London ENG"]
[Date "2019.11.30"]
[Round "2.47"]
[White "Ciocan, Maria-Alexandra"]
[Black "Davis, Holden"]
[Result "0-1"]
[WhiteElo "2058"]
[BlackElo "1840"]
[WhiteFideId "1227130"]
[BlackFideId "440019"]
[EventDate "2019.11.29"]

1. e4 e6 2. d4 d5 3. Nc3 Bb4 4. e5 c5 5. Qg4 Ne7 6. dxc5 Nbc6 7. Bd2 O-O 8. Nf3
f5 9. exf6 Rxf6 10. O-O-O e5 11. Qh5 g6 12. Qg5 Rf5 13. Qg3 Bxc5 14. Bg5 Qa5 15.
Nxd5 Qxa2 16. Nxe7+ Nxe7 17. Rd8+ Kg7 18. c3 Qa1+ 19. Kc2 Qa4+ 20. Kc1 h6 21.
Bd2 Bb6 22. Rd6 Bc7 23. Rd4 Qa1+ 24. Kc2 exd4 25. Qxc7 Rf7 26. Qe5+ Kh7 27. h4
Bf5+ 28. Kb3 Qd1+ 29. Ka2 Qa4# 0-1

[Event "London Classic Open 2019"]
[Site "London ENG"]
[Date "2019.11.30"]
[Round "2.48"]
[White "Tombolis, Christopher"]
[Black "Nettleton, Charlie B"]
[Result "1-0"]
[WhiteElo "1824"]
[BlackElo "2058"]
[WhiteFideId "433691"]
[BlackFideId "419710"]
[EventDate "2019.11.29"]

1. d4 Nf6 2. c4 e5 3. dxe5 Ne4 4. Qc2 Bb4+ 5. Bd2 Nxd2 6. Nxd2 Nc6 7. Nf3 Qe7 8.
O-O-O Nxe5 9. Nxe5 Qxe5 10. Nf3 Qf6 11. e3 O-O 12. Bd3 g6 13. h4 Re8 14. h5 Bf8
15. hxg6 hxg6 16. Rh4 Bg7 17. Rf4 Qe7 18. Rh1 Rf8 19. Nh4 Qd6 20. c5 Qc6 21.
Nxg6 Re8 22. Bc4 d5 23. cxd6 Be6 24. Ne7+ 1-0

[Event "London Classic Open 2019"]
[Site "London ENG"]
[Date "2019.11.30"]
[Round "2.52"]
[White "Gaier, Walter"]
[Black "Vaddadi, Seshagiri"]
[Result "1/2-1/2"]
[WhiteElo "1750"]
[BlackElo "2042"]
[WhiteFideId "1310186"]
[BlackFideId "411183"]
[EventDate "2019.11.29"]

1. e4 c5 2. b4 cxb4 3. a3 d5 4. e5 Nc6 5. d4 Qb6 6. Ne2 Bf5 7. Bb2 e6 8. a4 Be7
9. Nd2 Nh6 10. Nb3 Rc8 11. Ng3 Bg6 12. Bd3 O-O 13. O-O f6 14. f4 Bxd3 15. cxd3
a5 16. Qe2 Nd8 17. Rac1 Rxc1 18. Rxc1 fxe5 19. fxe5 Bg5 20. Rc5 Nc6 21. Rb5 Qc7
22. Nc5 Nd8 23. Nf1 b6 24. Nb3 Qf7 25. Nbd2 Qc7 26. Nf3 Be7 27. Ne3 Nc6 28. Qc2
Rc8 29. h3 Bd8 30. Qb3 Na7 31. Nxd5 exd5 32. Rxd5 Kh8 33. e6 Qf4 34. Rd7 Qe3+
35. Kh2 Bc7+ 36. Ne5 Nc6 37. Qd5 Qf4+ 38. Kg1 Nxd4 39. Bxd4 Bxe5 40. Rd8+ Ng8
41. Rxc8 Bxd4+ 42. Kh1 Qf1+ 43. Kh2 Qf4+ 44. Kh1 Qf1+ 45. Kh2 Qf4+ 46. Kh1 Qf1+ 1/2-1/2

[Event "London Classic Open 2019"]
[Site "London ENG"]
[Date "2019.11.30"]
[Round "2.54"]
[White "Chakanyuka, Charles"]
[Black "Chilton, James I"]
[Result "0-1"]
[WhiteElo "2036"]
[BlackElo "1711"]
[WhiteFideId "11000341"]
[BlackFideId "423009"]
[EventDate "2019.11.29"]

1. c4 e5 2. Nc3 Bc5 3. e3 Nc6 4. Nf3 d6 5. d4 exd4 6. exd4 Bb6 7. Be2 Bf5 8. a3
Nf6 9. O-O O-O 10. Be3 a6 11. Nh4 Bd7 12. b4 Ne4 13. Nxe4 Qxh4 14. Bf3 h6 15. c5
f5 16. g3 Qe7 17. Nc3 Ba7 18. Bg2 g5 19. Nd5 Qg7 20. f4 Be6 21. Qd2 dxc5 22.
dxc5 g4 23. Rac1 Rad8 24. Rc3 Rf7 25. Rd3 Rfd7 26. Rd1 h5 27. Qe2 Qf7 28. Nc3
Bc4 29. Rxd7 Bxe2 30. Rxd8+ Nxd8 31. Rxd8+ Kh7 32. Bd5 Qe7 33. Kf2 Qxd8 34. Kxe2
c6 35. Bc4 b6 36. Bxa6 bxc5 37. Bd3 Qf6 38. Na4 c4 39. Bxa7 cxd3+ 40. Kxd3 Qa1
41. Nc3 Qxa3 42. Bc5 Qb3 43. Kd2 Qb2+ 44. Kd3 Qxh2 45. Ne2 Qg2 46. Kd2 Kg6 47.
Be7 Qd5+ 48. Ke1 Qe4 49. Bc5 h4 50. gxh4 g3 51. Kd2 g2 52. h5+ Kh7 53. Ke1 Qf3
54. Bd4 Kh6 55. Kd2 Kxh5 56. Bc5 Kg4 57. Bg1 Kh3 58. Bc5 Kh2 59. Bg1+ Kh1 60.
Bc5 Qf1 61. Ng3+ Kh2 62. Ne2 Qf3 63. Bg1+ Kh1 64. Bc5 Qb3 65. Ke1 g1=Q+ 66. Nxg1
Qg3+ 67. Ke2 Qxf4 68. Nf3 Kg2 69. Ne1+ Kg3 70. Nd3 Qc4 71. Kd2 f4 72. Bd6 Qa2+
73. Kc3 Qa3+ 74. Kd2 Kf3 75. Nxf4 Qe3+ 76. Kc2 Qd4 77. Bc7 Qxb4 78. Nd3 Qe4 79.
Kc3 c5 80. Bb6 c4 81. Nb2 Qe5+ 82. Bd4 Qe1+ 83. Kxc4 Ke4 84. Bc3 Qe2+ 85. Kb3
Kd5 86. Bb4 Qe3+ 87. Bc3 Kc5 88. Kc2 Qe4+ 89. Kb3 Qb1 90. Bb4+ Kb5 91. Bc3 Qe4
92. Ka2 Qc2 93. Bd4 Kb4 94. Bf6 Qf2 95. Be7+ Kc3 96. Ba3 Qf7+ 97. Kb1 Qb3 0-1

[Event "London Classic Open 2019"]
[Site "London ENG"]
[Date "2019.11.30"]
[Round "2.55"]
[White "Saravanan, Aadarsh"]
[Black "Flear, Christine"]
[Result "1/2-1/2"]
[BlackTitle "WIM"]
[WhiteElo "1711"]
[BlackElo "2035"]
[WhiteFideId "440078"]
[BlackFideId "602604"]
[EventDate "2019.11.29"]

1. d4 d5 2. c4 e6 3. Nc3 Be7 4. Nf3 Nf6 5. Bf4 a6 6. e3 O-O 7. Be2 dxc4 8. Bxc4
b5 9. Be2 Bb7 10. O-O Nbd7 11. Rc1 Rc8 12. Qb3 c5 13. a3 Qb6 14. Rfd1 Nd5 15.
Be5 c4 16. Qc2 Nxc3 17. Qxc3 Bd5 18. Qc2 Qb7 19. Bf4 a5 20. Bg5 f6 21. Bf4 b4
22. Qa4 Ra8 23. Bxc4 Nb6 24. Bxd5 Qxd5 25. Qc6 Qxc6 26. Rxc6 Na4 27. Rb1 bxa3
28. bxa3 Rfc8 29. Rxe6 Bxa3 30. h3 Bb4 31. Ra1 Nc3 32. Bd6 Ra6 33. Bxb4 Rxe6 34.
Bxc3 Rxc3 35. Rxa5 Rb6 36. Ra2 Rb1+ 37. Kh2 Rbc1 38. g3 R1c2 39. Rxc2 Rxc2 40.
Kg2 Kf7 41. h4 1/2-1/2

[Event "London Classic Open 2019"]
[Site "London ENG"]
[Date "2019.11.30"]
[Round "2.56"]
[White "Nilssen, Ellen Fredericia"]
[Black "Thatte, Nishchal"]
[Result "1-0"]
[WhiteTitle "WFM"]
[WhiteElo "2004"]
[BlackElo "1711"]
[WhiteFideId "1441230"]
[BlackFideId "447234"]
[EventDate "2019.11.29"]

1. d4 Nf6 2. c4 e6 3. Nf3 b6 4. a3 Bb7 5. Nc3 d5 6. cxd5 Nxd5 7. e3 Nd7 8. Bd3
c5 9. Nxd5 exd5 10. O-O g6 11. Bd2 Bg7 12. Re1 O-O 13. Bc3 Qc7 14. dxc5 bxc5 15.
Bxg7 Kxg7 16. Rc1 Rac8 17. e4 dxe4 18. Bxe4 Rfd8 19. Qc2 Nf6 20. Bxb7 Qxb7 21.
Qc3 c4 22. Ne5 Nd5 23. Qf3 f6 24. Nxc4 Qb5 25. b3 Rb8 26. Rb1 Qb7 27. h3 Ne7 28.
Qg3 Nf5 29. Qc3 Nh4 30. Ne3 Re8 31. f3 Nxf3+ 32. gxf3 Qxf3 33. Qc7+ Kh8 34. Ng2
Rec8 35. Qf4 Qxf4 36. Nxf4 Rc3 37. Re7 Rcxb3 38. Rxb3 Rxb3 39. Rxa7 g5 40. Nh5
Rb1+ 41. Kf2 Rb2+ 42. Ke1 Kg8 43. Nxf6+ Kf8 44. Nxh7+ Ke8 45. Nxg5 Rg2 46. h4
Rg4 47. Nf3 Rg3 48. Ke2 Rg2+ 49. Ke3 Ra2 50. a4 Kd8 51. Kf4 Ke8 52. h5 Kf8 53.
h6 Kg8 54. h7+ Kh8 55. Ra8+ Kxh7 56. a5 Kg7 57. Ke5 Kh7 58. Nd4 Rb2 59. a6 Rb1
60. a7 Ra1 61. Nc6 Kg7 62. Rb8 Kh7 63. a8=Q Rxa8 64. Rxa8 Kg7 65. Ke6 Kg6 66.
Ra5 Kg7 67. Rg5+ Kf8 68. Ne7 Ke8 69. Rg8# 1-0

[Event "London Classic Open 2019"]
[Site "London ENG"]
[Date "2019.11.30"]
[Round "2.57"]
[White "Ifalore, Michael"]
[Black "Mohnblatt, Daniel"]
[Result "1-0"]
[WhiteElo "1989"]
[BlackElo "1688"]
[WhiteFideId "436356"]
[BlackFideId "648582"]
[EventDate "2019.11.29"]

1. e4 Nf6 2. e5 Nd5 3. d4 d6 4. Nf3 dxe5 5. Nxe5 c6 6. Be2 Nd7 7. Nf3 N7f6 8.
O-O Bg4 9. h3 Bh5 10. Ne5 Bxe2 11. Qxe2 e6 12. Bg5 h6 13. Bh4 Nf4 14. Qe3 g5 15.
Bg3 N6d5 16. Qf3 Qb6 17. c4 Qxb2 18. cxd5 Qxd4 19. dxc6 Qxe5 20. cxb7 Rb8 21.
Qc6+ Ke7 22. Nd2 Ne2+ 23. Kh2 Nxg3 24. fxg3 f5 25. Nc4 Qd5 26. Qc7+ 1-0

[Event "London Classic Open 2019"]
[Site "London ENG"]
[Date "2019.11.30"]
[Round "2.58"]
[White "Modi, Kishan Jagdish"]
[Black "Cotter, Len"]
[Result "1-0"]
[WhiteElo "1978"]
[BlackElo "1665"]
[WhiteFideId "446017"]
[BlackFideId "431419"]
[EventDate "2019.11.29"]

1. e4 c5 2. b3 d6 3. Bb2 Nc6 4. Bb5 Bd7 5. f4 Nf6 6. Bxf6 exf6 7. Nf3 a6 8. Bc4
b5 9. Bd5 Rc8 10. O-O Be6 11. Nc3 b4 12. f5 Bxd5 13. Nxd5 Ne7 14. c4 Nxd5 15.
cxd5 Be7 16. d3 O-O 17. Nd2 g6 18. Qg4 Kh8 19. Rf3 Rg8 20. Rh3 Rg7 21. Nc4 Qg8
22. Ne3 gxf5 23. Qxf5 Rg5 24. Rxh7+ Qxh7 25. Qxc8+ Kg7 26. Nf5+ Rxf5 27. Qxf5
Qh6 28. Qf2 Kf8 29. Rf1 Qg5 30. Qf4 Qh5 31. Rf3 Ke8 32. Qf5 Qh6 33. h3 Kd8 34.
Rg3 Qh8 35. d4 cxd4 36. Rd3 Qh6 37. Rxd4 Qe3+ 38. Qf2 Qc1+ 39. Kh2 Qc3 40. Rc4
Qe5+ 41. Qg3 a5 42. h4 f5 43. Qxe5 dxe5 44. exf5 Bxh4 1-0

[Event "London Classic Open 2019"]
[Site "London ENG"]
[Date "2019.11.30"]
[Round "2.59"]
[White "Grey, Nicholas D"]
[Black "De Coverly, Roger D"]
[Result "1-0"]
[WhiteElo "1692"]
[BlackElo "1974"]
[WhiteFideId "415448"]
[BlackFideId "405213"]
[EventDate "2019.11.29"]

1. e4 e5 2. Nf3 Nc6 3. Bb5 a6 4. Bxc6 dxc6 5. d4 exd4 6. Qxd4 Qxd4 7. Nxd4 Bd7
8. Be3 Nf6 9. f3 O-O-O 10. Nd2 c5 11. N4b3 b6 12. O-O-O Be7 13. Nc4 Be6 14. Ne5
Kb7 15. Nd2 Nd7 16. Nd3 g5 17. f4 Bg4 18. Rdf1 gxf4 19. Nxf4 Ne5 20. Nd5 Bd6 21.
Bg5 Rde8 22. Nf6 Re6 23. h3 Be2 24. Rf5 h6 25. Bh4 Ng6 26. Be1 Rd8 27. Nd5 Ne5
28. Nc3 Bb5 29. Nf3 Be8 30. Nd5 Nd7 31. Nd2 Be5 32. Nc4 Bg7 33. Nd2 a5 34. Rhf1
c4 35. Bh4 Ra8 36. Rxf7 Bxf7 37. Rxf7 Bxb2+ 38. Kxb2 Kc6 39. Bg3 Ra7 40. Nf4 Re8
41. Rh7 Nc5 42. Rxh6+ Kb5 43. Nd5 Na4+ 44. Kc1 Rg8 45. Nxc7+ Kb4 46. Bd6+ Nc5
47. a3+ Ka4 48. Nxc4 Rb7 49. g3 Rc8 50. Bxc5 Rcxc7 51. Nxb6+ Kb5 52. Bd4 Rf7 53.
c4+ 1-0

[Event "London Classic Open 2019"]
[Site "London ENG"]
[Date "2019.11.30"]
[Round "2.60"]
[White "Varsha Ramesh"]
[Black "Millward, Kevin P"]
[Result "1-0"]
[WhiteElo "1669"]
[BlackElo "1967"]
[WhiteFideId "45010900"]
[BlackFideId "404721"]
[EventDate "2019.11.29"]

1. e4 d5 2. exd5 Qxd5 3. Nc3 Qd6 4. d4 Nf6 5. Nf3 c6 6. h3 Bf5 7. Ne5 Nbd7 8.
Nc4 Qc7 9. Qf3 e6 10. Bf4 Qd8 11. O-O-O Nb6 12. g4 Bg6 13. h4 h5 14. g5 Nfd5 15.
Ne5 Bf5 16. Bh3 Nxc3 17. Qxc3 Bxh3 18. Qxh3 g6 19. Rhe1 Qd5 20. Kb1 Rg8 21. b3
Qd8 22. c4 Nd7 23. Nxd7 Qxd7 24. d5 cxd5 25. cxd5 Rd8 26. Qf3 Qe7 27. dxe6 Rxd1+
28. Qxd1 fxe6 29. Qe2 Kf7 30. Rc1 Qb4 31. Rc4 Qb6 32. Bc7 Qa6 33. Be5 Be7 34.
Qf3+ Ke8 35. Rc8+ Bd8 36. Qd1 Kf7 37. Qf3+ Ke8 38. Bf6 Kd7 39. Rxd8+ Rxd8 40.
Qd1+ Kc6 41. Bxd8 Qb5 42. Be7 Qe5 43. Bf6 Qa5 44. Qf3+ Qd5 45. Qxd5+ Kxd5 46. f3 1-0

[Event "London Classic Open 2019"]
[Site "London ENG"]
[Date "2019.11.30"]
[Round "2.61"]
[White "Jekel, Wolfgang"]
[Black "Burke, John S"]
[Result "0-1"]
[WhiteElo "1662"]
[BlackElo "1966"]
[WhiteFideId "4690370"]
[BlackFideId "404322"]
[EventDate "2019.11.29"]

1. f4 d5 2. Nf3 Nf6 3. g3 c5 4. Bg2 Nc6 5. O-O e6 6. d3 Be7 7. c3 O-O 8. Na3 b6
9. Ne5 Nxe5 10. fxe5 Nd7 11. d4 Ba6 12. Rf2 f6 13. e4 fxe5 14. Rxf8+ Nxf8 15.
exd5 exd5 16. dxe5 Bb7 17. Qg4 Qd7 18. Qh5 Ne6 19. Bf4 d4 20. Bxb7 Qxb7 21. Qg4
Nxf4 22. gxf4 dxc3 23. Qe6+ Kh8 24. Rd1 c4 25. Qxc4 Qf3 0-1

[Event "London Classic Open 2019"]
[Site "London ENG"]
[Date "2019.11.30"]
[Round "2.62"]
[White "Ditmas, Hugh"]
[Black "Megias, Eva"]
[Result "1-0"]
[WhiteElo "1961"]
[BlackElo "1586"]
[WhiteFideId "1270666"]
[BlackFideId "465062"]
[EventDate "2019.11.29"]

1. d4 d5 2. c4 c6 3. Nf3 Nf6 4. Nc3 e6 5. Bg5 Nbd7 6. e3 Be7 7. Rc1 O-O 8. Bd3
b6 9. cxd5 cxd5 10. O-O a5 11. Qe2 Bb7 12. h3 a4 13. a3 Bc6 14. Bf4 h6 15. Rc2
Re8 16. Rfc1 Nf8 17. Ne5 Bb7 18. Bb5 N6d7 19. Bxa4 Ba6 20. Bb5 Bxb5 21. Nxb5 Nc5
22. Nc6 Qd7 23. Nxe7+ Rxe7 24. dxc5 e5 25. c6 Qe6 26. Bh2 Rc8 27. Qd2 f5 28. c7
Nd7 29. Rc6 Qxc6 30. Rxc6 Nc5 31. Rxc5 bxc5 32. Qxd5+ 1-0

[Event "London Classic Open 2019"]
[Site "London ENG"]
[Date "2019.11.30"]
[Round "2.63"]
[White "Nergard, Ole-Kristian"]
[Black "Korning, Peter"]
[Result "1-0"]
[WhiteElo "1639"]
[BlackElo "1961"]
[WhiteFideId "1543156"]
[BlackFideId "1723332"]
[EventDate "2019.11.29"]

1. e4 e5 2. Nf3 Nc6 3. Bb5 a6 4. Ba4 Nf6 5. d3 b5 6. Bb3 Bc5 7. O-O d6 8. c3 Bb6
9. Nbd2 O-O 10. a4 Rb8 11. axb5 axb5 12. h3 Nd7 13. Qe2 Nc5 14. Bc2 Ne6 15. Nb3
Qf6 16. Be3 Nf4 17. Bxf4 Qxf4 18. d4 Bd7 19. Rfd1 Rfd8 20. Nc1 Qf6 21. Qd3 Ne7
22. Ne2 Ng6 23. Bb3 Be8 24. Qe3 h6 25. Nh2 Kh7 26. Ng4 Qg5 27. Qxg5 hxg5 28. g3
f6 29. Ne3 Ne7 30. Kg2 Bc6 31. d5 Bd7 32. Rh1 Bxe3 33. fxe3 Kg6 34. Ra7 Rdc8 35.
g4 Kf7 36. Ng3 Ng6 37. Nf5 Ra8 38. Nxd6+ cxd6 39. Rxd7+ Kf8 40. Rxd6 Ke7 41. Rb6
Rab8 42. Ra6 Ra8 43. Rha1 Rxa6 44. Rxa6 Kd7 45. Rb6 Ra8 46. Rxb5 Nh4+ 47. Kf2
Ra1 48. c4 Rh1 49. Ke2 Rh2+ 50. Kd3 Rxh3 51. c5 Ng2 52. Rb7+ Kc8 53. Rxg7 Nxe3
54. Rg8+ Kb7 55. c6+ Kb6 56. Rb8+ Kc5 57. Ke2 Kd6 58. Rd8+ Kc7 59. Rd7+ Kc8 60.
d6 Ng2 61. Rc7+ Kb8 62. Rb7+ Ka8 63. d7 Nf4+ 64. Kd2 Rh2+ 65. Kc3 Rh3+ 66. Kc4
Rh8 67. Kb5 Nd3 68. Kb6 1-0

[Event "London Classic Open 2019"]
[Site "London ENG"]
[Date "2019.11.30"]
[Round "2.65"]
[White "Voiculescu-Holvad, Stefan"]
[Black "Jacobs, Robert"]
[Result "1-0"]
[WhiteElo "1614"]
[BlackElo "1935"]
[WhiteFideId "20692005"]
[BlackFideId "450049"]
[EventDate "2019.11.29"]

1. d4 Nf6 2. c4 c5 3. d5 e5 4. Nc3 d6 5. e4 Be7 6. Nf3 O-O 7. Be2 Ne8 8. Be3 Nd7
9. O-O g6 10. Qd2 Ng7 11. Ne1 f5 12. f4 a6 13. Nf3 Bf6 14. Bd3 Qc7 15. a3 Re8
16. Rae1 exf4 17. Bxf4 Ne5 18. Nxe5 Bxe5 19. Bh6 fxe4 20. Bxe4 Nf5 21. Bxf5 Bxf5
22. Rxf5 Bd4+ 23. Rf2 Rxe1+ 24. Qxe1 Bxf2+ 25. Qxf2 Re8 26. Ne4 Rd8 27. Qf6 b5
28. Ng5 Re8 29. Ne6 Qe7 30. Qc3 bxc4 31. Bc1 Qf7 32. b4 cxb4 33. axb4 Qa7+ 34.
Kh1 Qf7 35. Kg1 Qa7+ 36. Be3 Qf7 37. Qd4 Rc8 38. Bd2 c3 39. Bxc3 Rxc3 40. Qxc3
Qa7+ 41. Kf1 Qf7+ 42. Ke1 Qb7 43. Qc4 a5 44. b5 a4 45. Qc6 1-0

[Event "London Classic Open 2019"]
[Site "London ENG"]
[Date "2019.11.30"]
[Round "2.66"]
[White "Mata, Adilson"]
[Black "Haddock, Paul"]
[Result "1-0"]
[WhiteElo "1928"]
[BlackElo "1481"]
[WhiteFideId "1901389"]
[BlackFideId "419150"]
[EventDate "2019.11.29"]

1. e4 c5 2. Nf3 Nc6 3. d4 cxd4 4. Nxd4 g6 5. c4 Bg7 6. Be3 Nf6 7. Nc3 d6 8. h3
Bd7 9. Be2 Rc8 10. O-O O-O 11. Qd2 Re8 12. Rfd1 Ne5 13. b3 Qa5 14. f4 Nc6 15. a3
Nxd4 16. Bxd4 Bc6 17. b4 Qc7 18. e5 dxe5 19. Bxe5 Qd7 20. Qe3 Qe6 21. b5 Bd7 22.
Qxa7 Ne4 23. Nxe4 Bxe5 24. fxe5 h5 25. Qd4 Red8 26. Nc5 Qb6 27. Nxd7 Qc5 28.
Qxc5 1-0